Evaluación de proyectos (Registro nro. 4462)

Detalles MARC
000 -Cabecera
Campo de control de longitud fija 01008aam a2200361 4500
005 - Fecha y hora de la última transacción
Campo de control 20250613140855.0
008 - Elementos de longitud fija--Información general
Campo de control de longitud fija 150410b2006 xxu||||| |||| 00| 0 spa d
020 ## - International Standard Book Number
Número Internacional Estándar del Libro (ISBN) 9789701056875
041 ## - Idioma
Código de idioma Español
082 ## - Clasificación Decimal Dewey
Número de clasificación 658.404 B116e5
100 ## - Entrada principal--Autor personal
Nombre personal Baca Urbina, Gabriel
245 ## - Título propiamente dicho
Título Evaluación de proyectos
250 ## - Edición
Mención de edición 5 edición
260 ## - Pie de imprenta
Lugar de publicación, distribución, etc. México
260 ## - Pie de imprenta
Nombre del editor, distribuidor, etc. McGraw-Hill
260 ## - Pie de imprenta
Fecha de publicación, distribución, etc. 2006
300 ## - Descripción física
Extensión 392 páginas
490 ## - Serie
Título de la Serie Dirección y Administración de Empresas
650 ## - Materia general
Temática (materia general) GERENCIA DE PROYECTOS
650 ## - Materia general
Temática (materia general) ADMINISTRACIÓN DE PROYECTOS
650 ## - Materia general
Temática (materia general) EVALUACIÓN DE PROYECTOS
650 ## - Materia general
Temática (materia general) ESTUDIO DE MERCADO
650 ## - Materia general
Temática (materia general) MÉTODOS DE PROYECCIÓN
650 ## - Materia general
Temática (materia general) ANÁLISIS DE LOS PRECIOS
650 ## - Materia general
Temática (materia general) ESTUDIO TÉCNICO
650 ## - Materia general
Temática (materia general) INGENIERÍA DEL PROYECTO
650 ## - Materia general
Temática (materia general) ESTUDIO ECONÓMICO
650 ## - Materia general
Temática (materia general) COSTOS FINANCIEROS
650 ## - Materia general
Temática (materia general) EVALUACIÓN ECONÓMICA
650 ## - Materia general
Temática (materia general) ADMINISTRACIÓN DEL RIESGO
650 ## - Materia general
Temática (materia general) CENTROS DE COMPUTO
942 ## - Punto de acceso adicional KOHA
Tipo de ítem KOHA Libro
Fuente del sistema de clasificación o colocación Dewey Decimal Classification
Existencias
Signatura completa Código de barras En préstamo Programa Académico Tipo de ítem
658.404 B116e5 13407 13/05/2026 Dirección y Administración de Empresas Libro